| 000 | 00981nam a2200241Ia 4500 | ||
|---|---|---|---|
| 999 |
_c56650 _d56650 |
||
| 001 | 23772 | ||
| 003 | GE_BSU | ||
| 005 | 20211021135244.0 | ||
| 008 | 181216s2003||||ge |||||||||||||| ||geo|| | ||
| 020 | _a9992806613 | ||
| 040 | _cGE_BSU | ||
| 041 | _ageo | ||
| 080 | _a612.821+159.943 ნ-24 | ||
| 100 |
_aნანეიშვილი, თემურ _912702 |
||
| 245 |
_aქცევის ფსიქოფიზიოლოგია / _cნანეიშვილი, თემურ; [ რედ.: თ. ონიანი, თ. დეკანოსიძე]. |
||
| 250 | _aმე-2 გამოც. | ||
| 264 |
_aთბილისი, _c2003. |
||
| 300 |
_a388 გვ. : _bსურ. ; _c22 სმ. |
||
| 653 | _aქცევის ფსიქოფიზიოლოგია | ||
| 700 |
_aონიანი, თ. _eრედაქტორი _912703 |
||
| 700 |
_aდეკანოსიძე, თ. _eრედაქტორი _93868 |
||
| 942 |
_cBK _2udc |
||